000 00249nam a2200085Ia 4500
008 170620s9999 xx 000 0 und d
100 _aGhanta- Ramesh
245 0 _aEnvironmental Education- Problems and prospects
260 _bNew Delhi- Discovery Publishing House
260 _c2004
999 _c24354
_d24354